[Event "TCh-HUN 2005-6"]
[Site "Hungary HUN"]
[Date "2005.11.27"]
[Round "4"]
[White "Lakos,N"]
[Black "Pavel,M"]
[Result "1/2-1/2"]
[WhiteElo "2324"]
[BlackElo "2190"]

1.e4 c5 2.Nf3 Nc6 3.Bb5 g6 4.O-O Bg7 5.Bxc6 bxc6 6.Nc3 d6 7.h3 Nh6 8.d3 e5
9.Nh2 O-O 10.Rb1 Rb8 11.Bd2 f5 12.exf5 Nxf5 13.Ne4 h6 14.a3 Qe7 15.b4 cxb4
16.axb4 Nd4 17.Ra1 Ne6 18.Ra5 d5 19.Nc5 Nf4 20.c3 Nxh3+ 21.gxh3 Bxh3 22.f3 Qh4
23.Qe1 Qh5 24.Qg3 Bxf1 25.Kxf1 e4 26.Nd7 Rbe8 27.Nxf8 Rxf8 28.dxe4 Be5 29.Qg4 Qxh2
30.Qxg6+ Bg7 31.Qg2 Qh5 32.Ke2 Rf7 33.Be3 Kh7 34.exd5 cxd5 35.Rxa7 Rxa7 36.Bxa7 Bxc3
37.Bc5 Qe5+ 38.Kd3 Be1 39.f4 Qf5+ 40.Ke3 Qe6+ 41.Kd4 Qf5 42.Qxd5 Qxf4+ 43.Qe4+ Qxe4+
44.Kxe4 Bxb4  1/2-1/2

[Event "18th Belgrade Trophy"]
[Site "Obrenovac SCG"]
[Date "2005.11.27"]
[Round "6"]
[White "Popovic,Du"]
[Black "Miladinovic,I"]
[Result "1/2-1/2"]
[WhiteElo "2480"]
[BlackElo "2609"]

1.e4 c5 2.Nf3 Nc6 3.Bb5 e6 4.O-O Nge7 5.c3 a6 6.Be2 d5 7.exd5 Nxd5 8.d4 cxd4
9.Nxd4 Bd7 10.Bf3 Nxd4 11.Qxd4 Bc6 12.Nd2 Ne7 13.Bxc6+ Nxc6 14.Qe4 Rc8 15.Nc4 b5
16.Ne5 Nxe5 17.Qxe5 Qc7 18.Qxc7 Rxc7 19.Rd1 Bc5 20.Bf4 Rd7 21.a4 b4 22.cxb4 Bxb4
23.Rac1 Rxd1+ 24.Rxd1 Ke7 25.Rc1 Rd8 26.Kf1 Rd3 27.Rc2 Rd7 28.Rc6 a5 29.Ke2 Rd5
30.Rc7+ Kf6 31.Rc2 g5 32.Bd2 Rd4 33.b3 Bxd2 34.Rxd2 Ke5 35.Rc2 h5 36.Rc5+ Rd5
37.Rc4 f5 38.b4 axb4 39.Rxb4 Kf6  1/2-1/2

[Event "18th Belgrade Trophy"]
[Site "Obrenovac SCG"]
[Date "2005.11.29"]
[Round "8"]
[White "Martic,I"]
[Black "Antic,De"]
[Result "0-1"]
[WhiteElo "2205"]
[BlackElo "2519"]

1.e4 c5 2.Nf3 Nc6 3.Bb5 d6 4.d4 cxd4 5.Qxd4 Bd7 6.Bxc6 Bxc6 7.Nc3 Nf6 8.Bg5 e6
9.O-O-O Be7 10.Kb1 O-O 11.Rhe1 Qa5 12.Qd2 Qa6 13.Qf4 Rfd8 14.e5 dxe5 15.Nxe5 Be8
16.Ne4 Nh5 17.Qf3 Bxg5 18.Nxg5 Nf6 19.g4 Qa5 20.Qf4 h6 21.Ngf3 Nd5 22.Qe4 Rac8
23.g5 Qb6 24.Ka1 hxg5 25.Nxg5 Nf6 26.Qe2 Rxd1+ 27.Rxd1 Rd8 28.Rg1 Qd4 29.Nef3 Qf4
30.a3 Rd5 31.c4 Rc5 32.h4 Qxc4 33.Qe3 Nd5 34.Qe5 Nb4 35.Qb8 Qa2+  0-1

[Event "18th Belgrade Trophy"]
[Site "Obrenovac SCG"]
[Date "2005.11.29"]
[Round "8"]
[White "Savic,Draga"]
[Black "Pap,M"]
[Result "0-1"]
[WhiteElo "2193"]
[BlackElo "2399"]

1.e4 c5 2.Nf3 Nc6 3.Bb5 g6 4.O-O Bg7 5.c3 Nf6 6.Re1 O-O 7.e5 Nd5 8.d4 cxd4
9.cxd4 Nc7 10.Ba4 b5 11.d5 bxa4 12.dxc6 dxc6 13.Qxd8 Rxd8 14.Nc3 Bg4 15.Nxa4 Bxf3
16.gxf3 Ne6 17.Kg2 Rd5 18.Be3 Bxe5 19.Rac1 Ra5 20.b3 Rc8 21.Rc2 Bd6 22.Rec1 Ra6
23.Nc3 Nf4+ 24.Bxf4 Bxf4 25.Nd5 Bd6 26.b4 Rb8 27.Rxc6 Rxa2 28.Rb1 Rd2 29.Nc7 Rc8
30.Rbc1 Bxb4 31.Na6 Rxc6 32.Rxc6 Bd6 33.Rc8+ Kg7 34.Ra8 Ra2 35.Rxa7 Bc5 36.Rc7 Bb6
37.Nb4 Rxf2+ 38.Kg3 Rxf3+  0-1

[Event "IX Mirko Srajber mem"]
[Site "Subotica SCG"]
[Date "2005.12.02"]
[Round "2"]
[White "Cornette,M"]
[Black "Bogosavljevic,B"]
[Result "1/2-1/2"]
[WhiteElo "2418"]
[BlackElo "2325"]

1.e4 c5 2.Nf3 Nc6 3.Bb5 g6 4.O-O Bg7 5.Re1 Nf6 6.e5 Nd5 7.Nc3 Nc7 8.Bxc6 dxc6
9.Ne4 Ne6 10.d3 O-O 11.Be3 b6 12.Qd2 Nd4 13.Nxd4 cxd4 14.Bh6 Be6 15.Qf4 Bd5
16.h4 Qd7 17.Re2 Qf5 18.Qxf5 gxf5 19.Bxg7 Kxg7 20.Ng3 Kg6 21.Ree1 f6 22.e6 Rad8
23.Ne2 c5 24.Nf4+ Kh6 25.a4 a5 26.f3 Rd6 27.b3 Bc6 28.Kf2 Rdd8 29.Rh1 Rg8
30.Rh3 Rd6 31.Re1 Bd5 32.Rhh1 Kg7 33.g3 Kf8 34.h5 Ke8 35.h6 Rg5 36.Re2  1/2-1/2

[Event "ch-ROM"]
[Site "Baile Tusnad ROM"]
[Date "2005.12.03"]
[Round "8"]
[White "Sofronie,I"]
[Black "Prunescu,C"]
[Result "1-0"]
[WhiteElo "2434"]
[BlackElo "2275"]

1.e4 c5 2.Nf3 Nc6 3.Bb5 g6 4.Bxc6 dxc6 5.d3 Bg7 6.h3 Nf6 7.Nc3 Nd7 8.Be3 e5
9.Qd2 Qe7 10.Bh6 f6 11.Bxg7 Qxg7 12.Qe3 Qe7 13.Nd2 Nf8 14.Ne2 Ne6 15.f4 Nd4
16.Nxd4 cxd4 17.Qg3 exf4 18.Qxf4 Be6 19.O-O O-O 20.e5 Bd5 21.exf6 Qe2 22.Rf2 Qe3
23.Nf1 Qxf4 24.Rxf4 Rae8 25.Ng3 Re3 26.Kh2 c5 27.a4 a5 28.b3 Kf7 29.Raf1 Rfe8
30.R1f2 R8e6 31.Rh4 Rxf6 32.Rxh7+ Ke6 33.Rxf6+ Kxf6 34.Rh8 Ke7 35.Rh4 g5
36.Rh5 Re1 37.Rxg5 Ke6 38.Rf5 Rb1 39.Rf2 Bxb3 40.cxb3 Rxb3 41.Rd2 b5 42.axb5 a4
43.Ne4 Kd5 44.Rc2 c4 45.Nf6+ Ke6 46.Rxc4 Kxf6 47.Rxa4 Rxd3 48.Rb4 Rc3 49.Rxd4 Rb3
50.Rd5 Ke6 51.Rh5 Kf6 52.h4 Kg6 53.Rg5+ Kh6 54.g3  1-0

[Event "FSGMB December"]
[Site "Budapest HUN"]
[Date "2005.12.03"]
[Round "1"]
[White "Kargin,A"]
[Black "Zlatic,M"]
[Result "1/2-1/2"]
[WhiteElo "2406"]
[BlackElo "2417"]

1.e4 c5 2.Nf3 Nc6 3.Bb5 g6 4.O-O Bg7 5.c3 Nf6 6.Re1 O-O 7.d4 cxd4 8.cxd4 d5
9.e5 Ne4 10.Bxc6 bxc6 11.Nbd2 Nxd2 12.Nxd2 f6 13.e6 Qd6 14.Qe2 f5 15.Nb3 f4
16.Bd2 Rb8 17.Bc3 f3 18.Qe3 fxg2 19.Nc5 Rf5 20.Rad1 Qf4 21.Qg3 Bf6 22.Qxf4 Rxf4
23.Kxg2 Rf5 24.b3 Rg5+ 25.Kf1 Rf5 26.Re2 Bh4 27.Kg2 Rg5+ 28.Kf1 Rf5 29.Rc2 Bf6
30.Ba5 Ra8 31.Bc7 Bg7 32.a4 Kf8 33.b4 Rf3 34.Ke2 Ra3 35.b5 cxb5 36.axb5 Ke8
37.Rd3 Ra1 38.Rcd2 Rb1 39.Rh3 Rxb5 40.Rxh7 Kf8 41.Rd3 Rxc5 42.Rf3+ Kg8 43.Rxg7+ Kxg7
44.Rf7+ Kg8 45.dxc5 Bxe6 46.Rxe7 Bf5 47.Be5 Rc8 48.Bd4 a6 49.Ra7 Re8+ 50.Kd2 Re6
51.Kc3 Kf8 52.f4 Rc6 53.Kd2 Ke8 54.Ke3 Kd8 55.Kd2 Kc8 56.Kc3 Kd8 57.Kb4 Bg4
58.Be5 Bf5 59.Ra8+ Bc8 60.Ra7 Bf5 61.Ra8+ Bc8 62.Ra7 Bf5  1/2-1/2

[Event "2nd Bundesliga West 2005-6"]
[Site "Austria AUT"]
[Date "2005.12.04"]
[Round "5"]
[White "Lickleder,A"]
[Black "Doskocil,K"]
[Result "1-0"]
[WhiteElo "2240"]
[BlackElo "2196"]

1.e4 c5 2.Nf3 Nc6 3.Bb5 e5 4.O-O Nge7 5.c3 g6 6.d4 cxd4 7.cxd4 exd4 8.Nxd4 Bg7
9.Be3 O-O 10.Nc3 a6 11.Ba4 b5 12.Nxc6 dxc6 13.Bb3 Qc7 14.Rc1 Bb7 15.Bc5 Rfd8
16.Qf3 Nc8 17.Rfd1 Re8 18.Rd3 Nb6 19.Bxb6 Qxb6 20.Qxf7+ Kh8 21.Rd7  1-0

[Event "TCh-BEL 2005-6"]
[Site "Belgium BEL"]
[Date "2005.12.04"]
[Round "5"]
[White "Degraeve,JM"]
[Black "Nijboer,F"]
[Result "1/2-1/2"]
[WhiteElo "2555"]
[BlackElo "2545"]

1.e4 c5 2.Nf3 Nc6 3.Bb5 e6 4.O-O Nge7 5.Re1 Ng6 6.c3 a6 7.Bf1 Be7 8.d4 cxd4
9.cxd4 d5 10.e5 O-O 11.Nbd2 a5 12.a4 Nb4 13.Nb1 f6 14.exf6 Bxf6 15.Nc3 Bd7
16.Be3 Be8 17.Rc1 e5 18.dxe5 Nxe5 19.Bc5 Nxf3+ 20.Qxf3 Rf7 21.Qd1 Bc6 22.Bd4 Bxd4
23.Qxd4 Qf6 24.Qxf6 Rxf6 25.Red1 Raf8 26.f3 g5 27.Rd4 Kg7 28.h4 Rf4 29.Rxf4 gxf4
30.Rd1 Kf6 31.Kf2 Ke5 32.Re1+ Kd6 33.Rd1 Ke5 34.Re1+ Kd6 35.Rd1  1/2-1/2

[Event "TCh-BEL 2005-6"]
[Site "Belgium BEL"]
[Date "2005.12.04"]
[Round "5"]
[White "Goossens,E"]
[Black "Wiersma,E"]
[Result "0-1"]
[WhiteElo "2229"]
[BlackElo "2431"]

1.e4 c5 2.Nf3 Nc6 3.Bb5 g6 4.Bxc6 bxc6 5.d3 Bg7 6.O-O e5 7.Nbd2 Ne7 8.Nc4 d6
9.Bd2 O-O 10.Ba5 Qd7 11.Qe1 f5 12.Nfd2 Rb8 13.Bc3 f4 14.f3 g5 15.a3 Ng6 16.b4 cxb4
17.axb4 Rf7 18.Nb3 Qe6 19.Qf2 d5 20.Nc5 Qf6 21.Na5 g4 22.Rfb1 d4 23.Be1 Bh6
24.c3 Rg7 25.cxd4 exd4 26.Nab3 g3 27.Qxd4 Qh4 28.h3 Bxh3 29.Rb2 Bc8 30.Bc3 Rf7
31.e5 Bg7 32.e6 Bxe6 33.Nxe6 Bxd4+ 34.Bxd4 Rxb4 35.Bc5 Rb5 36.Bd4 Rd7  0-1

[Event "TCh-CZE Extraliga 2005-6"]
[Site "Czech Rep CZE"]
[Date "2005.12.04"]
[Round "6"]
[White "Nedela,V"]
[Black "Schula,M"]
[Result "1-0"]
[WhiteElo "2374"]
[BlackElo "2245"]

1.e4 c5 2.Nf3 Nc6 3.Bb5 Qb6 4.Nc3 e6 5.Bxc6 bxc6 6.e5 c4 7.O-O Ne7 8.b3 cxb3
9.axb3 c5 10.Ne4 Nf5 11.d3 h6 12.Nfd2 Qc7 13.Nc4 Bb7 14.Bf4 Be7 15.Ncd6+ Bxd6
16.exd6 Qb6 17.Qg4 Kf8 18.Be3 Bxe4 19.dxe4 Nxe3 20.fxe3 Qxd6 21.e5 Qc6 22.Qg6 Ke7
23.Rxf7+ Kd8 24.Rd1 Kc8 25.Rd6 Qb5 26.Rdxd7 Qxd7 27.Rxd7 Kxd7 28.Qf7+ Kc6
29.Qxe6+ Kb5 30.Qd7+ Kb4 31.Qd2+ Ka3 32.Qc3 a5 33.Kf2 Rhc8 34.Ke2 Ka2 35.e6 c4
36.Kd2 a4 37.bxa4 Rd8+ 38.Ke2 Rxa4 39.e7 Re8 40.Qe5 Ra7 41.Qb5 Raxe7 42.Qxc4+ Kb2
43.Qb3+ Kc1 44.c4 Rd7 45.Qc3+ Kb1 46.Qb4+ Kc1 47.c5 Ree7 48.c6 Ra7 49.Qc4+ Kb2
50.e4 Kb1 51.Kd1 Rf7 52.Qb5+ Ka1 53.Kc1  1-0

[Event "TCh-HUN 2005-6"]
[Site "Hungary HUN"]
[Date "2005.12.04"]
[Round "5"]
[White "Videki,S"]
[Black "Feher,T"]
[Result "1-0"]
[WhiteElo "2406"]
[BlackElo "2273"]

1.e4 c5 2.Nf3 Nc6 3.Bb5 g6 4.O-O Bg7 5.Re1 Nf6 6.e5 Nd5 7.Nc3 Nc7 8.Bxc6 dxc6
9.Ne4 b6 10.Nf6+ Bxf6 11.exf6 e6 12.b4 cxb4 13.a3 bxa3 14.Bxa3 c5 15.d4 Bb7
16.dxc5 Qxd1 17.Rexd1 Bxf3 18.gxf3 b5 19.c6 Nd5 20.Rxd5 exd5 21.Re1+ Kd8
22.Re7 Rc8 23.Rd7+ Ke8 24.Be7 h5 25.Rd6 h4 26.c7  1-0

[Event "Stone Flower"]
[Site "Nishnij Tagil RUS"]
[Date "2005.12.06"]
[Round "1"]
[White "Ovechkin,I"]
[Black "Maletin,P"]
[Result "0-1"]
[WhiteElo "2357"]
[BlackElo "2516"]

1.e4 c5 2.Nf3 Nc6 3.Bb5 g6 4.Bxc6 dxc6 5.d3 Bg7 6.h3 Nh6 7.Nc3 b6 8.Be3 f6
9.d4 cxd4 10.Qxd4 Qxd4 11.Nxd4 Bd7 12.f4 Nf7 13.f5 Nd6 14.O-O Nc4 15.Bc1 O-O-O
16.b3 Nd6 17.Bf4 c5 18.Nde2 Bc6 19.Ng3 Rd7 20.a4 Re8 21.Rad1 e5 22.Be3 Rg8
23.Kh2 gxf5 24.Rxd6 Rxd6 25.Nxf5 Rd7 26.Nd5 Bxd5 27.exd5 Bf8 28.c4 h5 29.g3 Bd6
30.Nh6 Rg6 31.Nf5 Bb8 32.Nh4 Rg8 33.Rxf6 e4 34.Nf5 h4 35.d6 hxg3+ 36.Kg2 Rgd8
37.Bf4 e3 38.Bxg3 e2 39.Kf2 Re8 40.Ke1 Bc7 41.h4 b5 42.Kd2 bxc4 43.Kc3 Bd8
44.Ne7+ Bxe7 45.dxe7 Rd3+  0-1

[Event "IX Mirko Srajber mem"]
[Site "Subotica SCG"]
[Date "2005.12.09"]
[Round "10"]
[White "Cornette,M"]
[Black "Czebe,A"]
[Result "1/2-1/2"]
[WhiteElo "2418"]
[BlackElo "2497"]

1.e4 c5 2.Nf3 Nc6 3.Bb5 Nf6 4.Nc3 Nd4 5.e5 a6 6.Bd3 Ng8 7.O-O d6 8.exd6 Qxd6
9.Ne4 Qf4 10.Nxd4 cxd4 11.c3 Bd7 12.Qe2 Nf6 13.Nxf6+ Qxf6 14.Be4 Bc6 15.c4 Rd8
16.d3 Rd7 17.b4 Qe6 18.Re1 Bxe4 19.Qxe4 Qxe4 20.Rxe4 f5 21.Re5 g6 22.Bf4 Bg7
23.Re2 Kf7 24.Be5 b5 25.c5 Ra8 26.a4 Bxe5 27.Rxe5 bxa4 28.Rxa4 Rb8 29.f4 Rdb7
30.Rxa6 Rxb4 31.Ra7 Rb2  1/2-1/2

[Event "It"]
[Site "Dnepropetrovsk UKR"]
[Date "2005.12.12"]
[Round "6"]
[White "Kalygin,S"]
[Black "Kononenko,Dmitry1"]
[Result "1/2-1/2"]
[WhiteElo "2400"]
[BlackElo "2451"]

1.e4 c5 2.Nf3 Nc6 3.Bb5 d6 4.O-O Bd7 5.Re1 Nf6 6.h3 g6 7.c3 Ne5 8.Bxd7+ Nfxd7
9.d4 Nxf3+ 10.Qxf3 Bg7 11.dxc5 Nxc5 12.Na3 O-O 13.Bg5 h6 14.Bh4 Re8 15.Rad1 Qb6
16.Qe2 Rac8 17.Nc4 Qa6 18.e5 d5 19.Na3 Qxe2 20.Rxe2 e6 21.f4 Bf8 22.Nb5 Ne4
23.Rxe4 dxe4 24.Nd6 Red8 25.Bxd8 Rxd8 26.c4 Bxd6 27.Rxd6 Rxd6 28.exd6 Kf8
29.b4 Ke8 30.Kf2 Kd7 31.c5 b6 32.Ke3 bxc5 33.bxc5 f5 34.Kd4 Kc6  1/2-1/2

[Event "12th Open"]
[Site "Zadar CRO"]
[Date "2005.12.16"]
[Round "7"]
[White "Neubauer,M"]
[Black "Lukin,A"]
[Result "1/2-1/2"]
[WhiteElo "2442"]
[BlackElo "2417"]

1.e4 c5 2.Nf3 Nc6 3.Bb5 g6 4.O-O Bg7 5.Re1 Nf6 6.e5 Nd5 7.Nc3 Nc7 8.Bxc6 dxc6
9.Ne4 b6 10.Nf6+ Kf8 11.Ne4 Bg4 12.d3 Qd5 13.Ned2 h6 14.h3 Bxf3 15.Nxf3 Rd8
16.Be3 Ne6 17.Qe2 Kg8 18.c4 Qxd3 19.Qxd3 Rxd3 20.Rad1 Rxd1 21.Rxd1 f5 22.exf6 Bxf6
23.Rd7 Kf7 24.Rxa7 Bxb2 25.Rb7 Ra8 26.Rxb6 Rxa2 27.Bxh6 Bf6 28.Be3 Rc2 29.Rxc6 Rxc4
30.Kf1 Rc2 31.Ke1 Ra2 32.Kd1  1/2-1/2

[Event "5th Amplico AIG Life"]
[Site "Warsaw POL"]
[Date "2005.12.17"]
[Round "2"]
[White "Fedorchuk,S"]
[Black "Narmontas,M"]
[Result "1-0"]
[WhiteElo "2564"]
[BlackElo "2222"]

1.e4 c5 2.Nf3 Nc6 3.Bb5 g6 4.Bxc6 dxc6 5.d3 Bg7 6.h3 e5 7.Be3 b6 8.Qd2 h6
9.a4 a5 10.Na3 Ne7 11.Nc4 Qc7 12.O-O Be6 13.b3 f5 14.Qc1 fxe4 15.dxe4 g5
16.Bd2 Ng6 17.Bc3 O-O 18.Qe3 g4 19.hxg4 Bxg4 20.Nh2 Be6 21.Rad1 Nf4 22.Rd2 Bxc4
23.bxc4 Qf7 24.Ng4 Rae8 25.Qg3 Kh7 26.Ne3 Rd8 27.Qg4 Rxd2 28.Bxd2 Bf6 29.g3 Rg8
30.Qf5+ Kh8 31.Ng4 Ne2+ 32.Kg2 Rg6 33.Nxe5  1-0

[Event "5th Amplico AIG Life"]
[Site "Warsaw POL"]
[Date "2005.12.17"]
[Round "2"]
[White "Czarnota,P"]
[Black "Przezdziecka,M"]
[Result "1-0"]
[WhiteElo "2479"]
[BlackElo "2186"]

1.e4 c5 2.Nf3 Nc6 3.Bb5 d6 4.O-O Bd7 5.Re1 a6 6.Bf1 g6 7.c3 Bg7 8.h3 e5 9.Na3 Nge7
10.Nc4 Qc7 11.d4 O-O 12.dxc5 dxc5 13.Qd6 Qxd6 14.Nxd6 b6 15.Rd1 Nc8 16.Be3 Nxd6
17.Rxd6 Be8 18.Bc4 Ne7 19.Rxb6 Ra7 20.Rxa6 Rxa6 21.Bxa6 f5 22.Bxc5 Bf6 23.exf5 gxf5
24.Nxe5  1-0

[Event "5th Amplico AIG Life"]
[Site "Warsaw POL"]
[Date "2005.12.17"]
[Round "4"]
[White "Fedorchuk,S"]
[Black "Gasanov,E"]
[Result "0-1"]
[WhiteElo "2564"]
[BlackElo "2427"]

1.e4 c5 2.Nf3 Nc6 3.Bb5 d6 4.O-O Bd7 5.Re1 Nf6 6.c3 a6 7.Bf1 Bg4 8.h3 Bh5
9.d3 e6 10.g4 Bg6 11.Nh4 Nd7 12.Nf5 Qc7 13.d4 O-O-O 14.Ng3 d5 15.exd5 exd5
16.dxc5 Bxc5 17.Be3 Rhe8 18.Bxc5 Rxe1 19.Qxe1 Nxc5 20.Nd2 Qf4 21.b4 Nd3 22.Bxd3 Bxd3
23.Qe3 Qxe3 24.fxe3 Re8 25.Kf2 Ne5 26.a4 g6 27.Ne2 f5 28.g5 Bxe2 29.Kxe2 Nf7
30.Rg1 f4 31.Nf1 Re5 32.h4 Re4 33.Rg4 f3+  0-1

[Event "5th Amplico AIG Life"]
[Site "Warsaw POL"]
[Date "2005.12.17"]
[Round "4"]
[White "Sarakauskas,G"]
[Black "Krajewicz,P"]
[Result "1-0"]
[WhiteElo "2437"]
[BlackElo "1980"]

1.e4 c5 2.Nf3 Nc6 3.Bb5 g6 4.O-O Bg7 5.c3 Nf6 6.Re1 O-O 7.d4 cxd4 8.cxd4 d6
9.h3 a6 10.Bxc6 bxc6 11.Qc2 Bb7 12.Nbd2 Rc8 13.Nb3 Nd7 14.Be3 Nf6 15.Nfd2 Qd7
16.Nc4 Rb8 17.Rad1 c5 18.e5 Qc6 19.f3 Nd5 20.Bf2 Nf4 21.Re4 g5 22.dxc5 d5
23.Nca5 Qg6 24.Re2 Nxe2+ 25.Qxe2 Ba8 26.Nd4 Rbc8 27.b4 f6 28.Qxa6 fxe5 29.Qxg6 hxg6
30.Ne6 Rf5 31.b5 e4 32.Nxg7 Kxg7 33.fxe4 dxe4 34.b6  1-0

[Event "5th Amplico AIG Life"]
[Site "Warsaw POL"]
[Date "2005.12.17"]
[Round "4"]
[White "Barglowski,F"]
[Black "Zezulkin,J"]
[Result "1/2-1/2"]
[WhiteElo "2353"]
[BlackElo "2494"]

1.e4 c5 2.Nf3 Nc6 3.Bb5 d6 4.O-O Bd7 5.Re1 Nf6 6.h3 a6 7.Bf1 e5 8.c3 g6 9.d4 Bg7
10.dxc5 dxc5 11.Be3 Nxe4 12.Nbd2 Nxd2 13.Qxd2 O-O 14.Bxc5 Re8 15.Bc4 Be6
16.Bxe6 Rxe6 17.Rad1 Qxd2 18.Rxd2 e4 19.Nd4 Nxd4 20.Bxd4 Rd8 21.Red1 Red6
22.Be3 Rxd2 23.Rxd2 Rxd2 24.Bxd2 f5 25.Kf1 Kf7 26.b3 b5 27.c4 bxc4 28.bxc4 Ke6
29.Ke2 Kd6 30.Bb4+ Kc6 31.f3 exf3+ 32.Kxf3 Bf8  1/2-1/2

[Event "5th Amplico AIG Life"]
[Site "Warsaw POL"]
[Date "2005.12.17"]
[Round "5"]
[White "Jaracz,B"]
[Black "Gajewski,G"]
[Result "0-1"]
[WhiteElo "2281"]
[BlackElo "2461"]

1.e4 c5 2.Nf3 Nc6 3.Bb5 d6 4.O-O Bd7 5.Re1 a6 6.Bxc6 Bxc6 7.c3 g6 8.d4 Bg7
9.d5 Bd7 10.h3 Nf6 11.Bg5 O-O 12.Qd2 Re8 13.Na3 a5 14.c4 a4 15.Rad1 Qb6 16.g4 h5
17.e5 hxg4 18.exf6 exf6 19.hxg4 fxg5 20.Nb5 Bxb5 21.cxb5 Qxb5 22.Nxg5 Qxb2
23.Qf4 Qf6 24.Qxf6 Rxe1+ 25.Rxe1 Bxf6 26.Ne4 Bg7 27.Nxd6 Rd8 28.Nxb7 Rxd5
29.Re2 c4  0-1

[Event "5th Amplico AIG Life Gp1"]
[Site "Warsaw POL"]
[Date "2005.12.18"]
[Round "2"]
[White "Manik,M"]
[Black "Macieja,B"]
[Result "1/2-1/2"]
[WhiteElo "2474"]
[BlackElo "2592"]

1.e4 c5 2.Nf3 Nc6 3.Bb5 e6 4.Bxc6 bxc6 5.d3 Ne7 6.Qe2 Qc7 7.O-O Ng6 8.Ng5 Be7
9.Qh5 Bxg5 10.Qxg5 e5 11.f4 h6 12.Qg3 exf4 13.Bxf4 Nxf4 14.Rxf4 O-O 15.Rxf7 Qxg3
16.Rxf8+ Kxf8 17.hxg3 d5 18.Nc3 Be6 19.Na4 c4 20.Nc5 Ke7 21.exd5 Bxd5 22.dxc4 Bxc4
23.Rd1 Bd5 24.b3 Kd6 25.Na6 Ke5 26.Nc5 Kd6 27.Na6 Ke5 28.Nc5 Kd6 29.Na6  1/2-1/2

[Event "5th Amplico AIG Life"]
[Site "Warsaw POL"]
[Date "2005.12.18"]
[Round "10"]
[White "Zolnierowicz,K"]
[Black "Gasanov,E"]
[Result "1-0"]
[WhiteElo "2287"]
[BlackElo "2427"]

1.e4 c5 2.Nf3 Nc6 3.Bb5 d6 4.O-O Bd7 5.c3 Nf6 6.Re1 a6 7.Ba4 b5 8.Bc2 Bg4
9.d3 e6 10.Nbd2 Be7 11.h3 Bh5 12.Nf1 Nd7 13.Ng3 Bg6 14.d4 cxd4 15.cxd4 d5
16.exd5 Bxc2 17.Qxc2 Nb4 18.Qb3 Nxd5 19.Bg5 O-O 20.Bxe7 Nxe7 21.Ne4 Nd5 22.Ne5 N7f6
23.Nc5 Qd6 24.a4 Rab8 25.axb5 Rxb5 26.Qa3 Nf4 27.Nf3 a5 28.b3 Rfb8 29.Qc1 h6
30.Ra4 N4d5 31.Qa1 Nb4 32.Rc1 Nc6 33.Ne5 Rd8 34.Nxe6 Nxe5 35.Nxd8 Nf3+ 36.gxf3 Rg5+
37.Kf1 Qxd8 38.Rc5 Rg6 39.Qb1 Qb8 40.Raxa5 Qh2 41.Qf5 Kh7 42.Ke2 Qb8 43.Rab5 Qa7
44.h4 h5 45.Qd3 Qe7+ 46.Kd2 Qd6 47.Rg5 Qf4+ 48.Kc2 Qxh4 49.Rg3 Kh6 50.Qd2+ Kh7  1-0

[Event "5th Amplico AIG Life"]
[Site "Warsaw POL"]
[Date "2005.12.18"]
[Round "13"]
[White "Hunt,H"]
[Black "Brodowski,P"]
[Result "1-0"]
[WhiteElo "2422"]
[BlackElo "2294"]

1.e4 c5 2.Nf3 Nc6 3.Bb5 g6 4.Bxc6 bxc6 5.O-O Bg7 6.Re1 d6 7.h3 e5 8.c3 Nh6
9.d4 cxd4 10.cxd4 f6 11.Nc3 O-O 12.Be3 Nf7 13.Rc1 Bd7 14.Qd2 f5 15.exf5 gxf5
16.dxe5 dxe5 17.Bc5 Re8 18.Rcd1 Be6 19.Qc2 Qc7 20.Qa4 Red8 21.Qh4 Re8 22.Rd2 Rad8
23.Red1 a6 24.Ng5 Nxg5 25.Qxg5 Rxd2 26.Rxd2 h6 27.Qh4 Qf7 28.b3 Bd5 29.Qa4 Qe6
30.Qxa6 Qd7 31.b4 e4 32.Nxd5 cxd5 33.Bd4 f4 34.Qg6 Re6 35.Qxg7+ Qxg7 36.Kf1 e3
37.Ke2 Rf6  1-0

[Event "Sekkat mem"]
[Site "Casablanca MAR"]
[Date "2005.12.19"]
[Round "2"]
[White "Hamdouchi,H"]
[Black "Doghri,N"]
[Result "1-0"]
[WhiteElo "2574"]
[BlackElo "2338"]

1.e4 c5 2.Nf3 Nc6 3.Bb5 e6 4.Bxc6 bxc6 5.d3 Ne7 6.Qe2 Ng6 7.h4 h5 8.e5 Be7
9.Qe4 c4 10.dxc4 Rb8 11.Nbd2 c5 12.Qe3 Qc7 13.b3 f5 14.Bb2 Bb7 15.O-O-O Bc6
16.g3 Qb7 17.Rhe1 a5 18.Ng5 a4 19.Nb1 axb3 20.axb3 O-O 21.f4 Bxg5 22.hxg5 Rfc8
23.Nd2 h4 24.gxh4 Nxh4 25.g6 Nxg6 26.Rg1 Nf8 27.Qxc5 Re8 28.Qf2 Re7 29.Qh4 Rf7
30.Rg3 g6 31.Rdg1 Qa7 32.Qh5 Rg7 33.Qe2 Rh7 34.Nf3 Bxf3 35.Qxf3 Kf7 36.Rd1 Rh2
37.Rg2 Rh4 38.Rgd2 Rb7 39.Rd4 Rc7 40.Qg3 Rh5 41.Kb1 Qa8 42.Qe1 Rh2 43.R4d2 Rh5
44.Qg1 Qe4 45.Ba3 Rb7 46.Kb2 Qxf4 47.Qd4  1-0

[Event "Masters"]
[Site "Berkeley USA"]
[Date "2005.12.23"]
[Round "9"]
[White "Mezentsev,V"]
[Black "Pearson,M"]
[Result "1-0"]
[WhiteElo "2409"]
[BlackElo "2173"]

1.e4 c5 2.Nf3 Nc6 3.Bb5 g6 4.O-O Bg7 5.c3 Nf6 6.Re1 a6 7.Ba4 b5 8.Bc2 c4
9.d4 cxd3 10.Qxd3 O-O 11.e5 Ng4 12.Bg5 f6 13.exf6 Nxf6 14.a4 bxa4 15.Rxa4 d5
16.Qd2 Nh5 17.Bh6 Qd6 18.Bxg7 Kxg7 19.c4 Rxf3 20.gxf3 d4 21.Be4 e5 22.Bxc6 Qxc6
23.Qa5 Qxf3 24.Qxe5+ Kh6 25.Qe4 Qxe4 26.Rxe4 Bf5 27.Rxd4 Bxb1 28.b4 Re8 29.Rxa6 Re1+
30.Kg2 Be4+ 31.f3 Bf5 32.Ra2 g5 33.Ra5 Bg6 34.h4 Re2+ 35.Kg1 Ng3 36.Rxg5 Nf5
37.Rf4 Nxh4 38.Rd5 Ng2 39.Rfd4 Bh5 40.Rd2 Rxd2 41.Rxd2 Nh4 42.Rd6+ Kg5 43.Kf2 Bxf3
44.b5 h5 45.c5  1-0

[Event "Czech Chess Christmas"]
[Site "Litomysl CZE"]
[Date "2005.12.26"]
[Round "1"]
[White "Novak,Pa"]
[Black "Plat,V"]
[Result "1/2-1/2"]
[WhiteElo "2345"]
[BlackElo "1996"]

1.e4 c5 2.Nf3 Nc6 3.Bb5 g6 4.O-O Bg7 5.Re1 Nf6 6.e5 Nd5 7.Nc3 Nxc3 8.dxc3 O-O
9.Bg5 Qc7 10.Qd5 Qb6 11.Qb3 Qc7 12.Qd5 Qb6 13.Qc4 d5 14.exd6 exd6 15.Bxc6 Qxc6
16.Be7 Re8 17.Rad1 b5 18.Qf4 d5 19.Bxc5 Bf5 20.Bd4 Bxc2 21.Rc1 Re4 22.Qd2 Rxe1+
23.Rxe1 Be4 24.Bxg7 Kxg7 25.Nd4 Qd7 26.f3 Bf5 27.Qg5 Be6 28.Qe5+ Kg8 29.h4 Qe8
30.Re2 Qe7 31.h5 Re8 32.g4 Qf8 33.hxg6 hxg6 34.Qf6 Bd7 35.Rh2 Qg7 36.Qxg7+ Kxg7
37.Kf2 a5 38.a3 b4 39.axb4 axb4 40.cxb4 Rb8 41.Ke3 Rxb4 42.Rc2 Kf6 43.Rc7 Be6
44.b3 Rb6 45.Rc6 Rxc6 46.Nxc6 Bd7 47.Nb4 Ke5 48.Nd3+ Kd6 49.Kd4 Bb5 50.Ne5 Ke6
51.f4 Be2 52.g5 Bb5 53.b4 Kf5 54.Kxd5 Kxf4 55.Nxf7 Be2 56.Ke6 Ke4 57.Kf6 Kd4
58.Ne5 Kc3 59.Nxg6 Kxb4 60.Nf4 Bc4 61.g6 Kc5 62.Ke7 Kd4 63.g7 Ke5 64.Ng6+ Kf5
65.Nh8 Bg8 66.Kf8 Bh7 67.Nf7 Kg6 68.Ne5+ Kf5  1/2-1/2

[Event "21st Post Open"]
[Site "Duesseldorf GER"]
[Date "2005.12.27"]
[Round "3"]
[White "Zahn,R"]
[Black "Lemanczyk,T"]
[Result "1-0"]
[WhiteElo "2137"]
[BlackElo "2267"]

1.e4 c5 2.Nf3 Nc6 3.Bb5 Na5 4.b3 a6 5.Be2 d6 6.Bb2 Nf6 7.e5 dxe5 8.Nxe5 e6
9.O-O Qc7 10.c4 Be7 11.d4 cxd4 12.Qxd4 Nc6 13.Nxc6 Qxc6 14.Nd2 O-O 15.Bf3 Qc7
16.Ne4 Rd8 17.Qe3 Nd7 18.Rad1 Ne5 19.Rxd8+ Bxd8 20.Rd1 Nxf3+ 21.Qxf3 Be7
22.Qg4 Bf8 23.Nf6+ Kh8 24.Ne8  1-0

[Event "Xstrata ch-AUS 2006"]
[Site "Brisbane AUS"]
[Date "2005.12.28"]
[Round "1"]
[White "Levi,E"]
[Black "Rogers,I"]
[Result "0-1"]
[WhiteElo "2241"]
[BlackElo "2556"]

1.e4 c5 2.Nf3 Nc6 3.Bb5 e6 4.Nc3 Nge7 5.O-O Ng6 6.Re1 Be7 7.d4 cxd4 8.Nxd4 O-O
9.Be3 Qc7 10.g3 a6 11.Bf1 b5 12.Nxc6 Qxc6 13.Bg2 Bb7 14.f4 d6 15.Ne2 Qc7
16.Nd4 Bf6 17.c3 Rad8 18.Qg4 e5 19.Nb3 d5 20.f5 Ne7 21.Bc5 Rfe8 22.Qe2 dxe4
23.Bxe4 Nd5 24.Rad1 Nb6 25.Bf2 Bxe4 26.Qxe4 Nc4 27.Qc2 Rxd1 28.Rxd1 e4 29.Bd4 Bxd4+
30.Rxd4 Qe5 31.g4 h5 32.Nd2 Nxd2 33.Qxd2 e3 34.Qe2 hxg4 35.Rxg4 Qxf5 36.a3 Qxg4+
37.Qxg4 e2  0-1

[Event "Masters"]
[Site "Hastings ENG"]
[Date "2005.12.28"]
[Round "1"]
[White "Husted,P"]
[Black "Strand,H"]
[Result "1-0"]
[WhiteElo "2127"]
[BlackElo "1986"]

1.e4 c5 2.Nf3 Nc6 3.Bb5 Na5 4.O-O a6 5.Be2 e6 6.d4 Nf6 7.e5 Nd5 8.c4 Ne7
9.dxc5 Nac6 10.Bd3 Qc7 11.Re1 Ng6 12.a3 Bxc5 13.b4 Be7 14.Bb2 O-O 15.Nbd2 b6
16.Qc2 Bb7 17.Rad1 Rfd8 18.Ne4 d5 19.exd6 Bxd6 20.Nxd6 Rxd6 21.Bxg6 hxg6
22.b5 Rxd1 23.Rxd1 Ne7 24.Be5 Qc8 25.Nd4 axb5 26.Nxb5 Qc6 27.f3 Nf5 28.Qf2 Qxc4
29.Qxb6 Qe2 30.Nc3 Qxe5 31.Qxb7 Rxa3 32.Ne4 Nd4 33.Qc8+ Kh7 34.Qd8 Nc6 35.Ng5+ Kh6  1-0

[Event "Czech Chess Christmas"]
[Site "Litomysl CZE"]
[Date "2005.12.28"]
[Round "4"]
[White "Zeberski,J"]
[Black "Gajewski,G"]
[Result "0-1"]
[WhiteElo "2384"]
[BlackElo "2461"]

1.e4 c5 2.Nf3 Nc6 3.Bb5 d6 4.O-O Bd7 5.Re1 a6 6.Bf1 Bg4 7.c3 Nf6 8.d3 e6
9.h3 Bxf3 10.Qxf3 Be7 11.Nd2 O-O 12.a4 d5 13.e5 Nd7 14.Qg3 f6 15.exf6 Nxf6
16.Nf3 Bd6 17.Qh4 Ne7 18.a5 Ng6 19.Qa4 Qe7 20.Nh4 Ne5 21.f4 Ne4 22.g3 Nxg3
23.fxe5 Bxe5 24.Bg2 Bc7 25.Qg4 Rae8 26.Nf3 Rf5 27.d4 Ne4 28.Ne5 cxd4 29.cxd4 Bxa5
30.Rxe4 dxe4 31.Bxe4 Bb6 32.Kg2 Bxd4 33.Bxf5 exf5 34.Qxd4 Qxe5 35.Qxe5 Rxe5
36.Bf4 Re2+ 37.Kf3 Rxb2 38.Rc1 Rb3+ 39.Kg2 h6 40.Be5 g5 41.Rc7 Rb6 42.Kf3 Re6
43.Bc3 Rc6 44.Rxc6 bxc6 45.h4 gxh4 46.Kf4 h3 47.Kg3 Kf7 48.Kxh3 Ke6 49.Kg3 c5
50.Kf4 Kd5 51.Kxf5 Kc4 52.Bg7 h5 53.Kg5 Kb3 54.Kxh5 c4 55.Kg4 c3 56.Kf3 c2
57.Bh6 Kb2 58.Ke4 a5 59.Kd3 a4 60.Kc4 a3  0-1